000
00297nam a22001337a 4500
008
170613b xxu||||| |||| 00| 0 eng d
020
_a
0256060851
041
_a
eng
080
_a
32
100
_a
19
101
_a
SHP
245
_a
BRITISH GOVERNMENT & POLITICS
_c
PUNNETT, R.M
942
_2
udc
_c
BK
999
_c
17104
_d
17104